Slogans des constructeurs automobile... - Statistiques

Statistiques générales
  • Ce quiz a été pris 90 fois
  • Le résultat moyen est 4 sur 51
Statistiques - réponses
Hint Réponse % Correct
Qui mieux que *** peut entretenir votre *** ? Renault
49%
La vie est trop courte pour ne pas conduire une Italienne Alfa Roméo
40%
Das Auto Volkswagen
37%
Vous n’imaginez pas tout ce que *** peut faire pour vous Citroën
29%
Un constructeur sort ses griffes. Peugeot
26%
Le plaisir de conduire BMW
20%
The best or nothing Mercedes
16%
La voiture dont les Anglais ne sont pas peu fiers Rover
14%
Laissez-nous vous surprendre Skoda
14%
Slogan Marque
13%
Today, tomorrow, *** Toyota
13%
Il a de l'argent, il a le pouvoir, il a une *** , il a une âme Audi
11%
Quitte à rouler moins vite, autant rouler en *** Citroën
10%
La mécanique des émotions Alfa Roméo
9%
*** des voitures à vivre Renault
7%
La ville comme terrain de jeu Subaru
7%
Ma *** est fantastique ! Toyota
7%
Pourquoi s'équiper quand on peut se suréquiper ? Volvo
7%
Résiste à tout même à la famille Kia
6%
Une solide réputation de robustesse Lada
4%
La voiture qui ne vous oblige pas à choisir Audi
3%
(nom du modèle), pour ceux qui préfèrent l'original à la copie Austin Morris
3%
Une et unique BMW
3%
En avant *** Citroën
3%
Vous allez regarder *** autrement Ford
3%
Avec ***, roulez sans compter Ford
3%
A vous d’inventer la vie qui va avec Renault
3%
Il y a ceux qui se racontent des histoires. Et ceux qui les vivent Skoda
3%
Confiance et Evolution Subaru
3%
Apprenez la (nom du modèle) Talbot
3%
Faire toujours mieux Toyota
3%
Un siècle d'innovation Daihatsu
1%
Moins c'est mieux Fiat
1%
La technologie qui vous facilite la vie Kia
1%
Made in qualité Nissan
1%
Créateur d'automobiles Renault
1%
On devrait placer *** au Ministère du Pouvoir d'achat Skoda
1%
Plus que nos voitures, vos histoires Volkswagen
1%
Il y a plus cher mais c'est moins bien ! Daihatsu
0%
La passion nous anime Fiat
0%
Quand on a un cerveau, on a une **** Fiat
0%
Objet de convoitise Kia
0%
Vous n'en avez pas besoin, vous en avez juste très envie Lancia
0%
L'élégance, le tempérament Lancia
0%
Une sportive qui a l'esprit d'équipe Mercedes
0%
Plus puissant qu'un bœuf Nissan
0%
Dommage que vous ayez déjà une voiture Opel
0%
Le monospace caché dans une voiture Opel
0%
Conçue pour coller à la route Peugeot
0%
On a retrouvé votre premier amour Peugeot
0%
Designed around you Volvo
0%
Aucun quiz correspondant
Distribution des résultats
% des personnes avec chaque résultat
Percentile par nombre de réponses
Votre historique - résultats
Vous n’avez pas pris ce quiz